Flexible manufacturing (Record no. 612306)
[ view plain ]
| 000 -LEADER | |
|---|---|
| fixed length control field | 00370nam a22001337a 4500 |
| 020 ## - INTERNATIONAL STANDARD BOOK NUMBER | |
| International Standard Book Number | 0824716836 |
| 040 ## - CATALOGING SOURCE | |
| Transcribing agency | Nust |
| 082 ## - DEWEY DECIMAL CLASSIFICATION NUMBER | |
| Classification number | 658.51 |
| Author Mark | LEN'F |
| 100 ## - MAIN ENTRY--PERSONAL NAME | |
| Personal name | John E. Lenz |
| 9 (RLIN) | 126912 |
| 245 ## - TITLE STATEMENT | |
| Title | Flexible manufacturing |
| Remainder of title | Been for low inventory factory |
| 260 ## - PUBLICATION, DISTRIBUTION, ETC. | |
| Place of publication, distribution, etc. | New York: |
| Name of publisher, distributor, etc. | Marcel Dekker Inc, |
| Date of publication, distribution, etc. | 1989. |
| 650 ## - SUBJECT ADDED ENTRY--TOPICAL TERM | |
| Topical term or geographic name entry element | Flexible manufacturing |
| 9 (RLIN) | 126913 |
| 942 ## - ADDED ENTRY ELEMENTS (KOHA) | |
| Source of classification or shelving scheme | |
| Koha item type | Book |
| Withdrawn status | Lost status | Source of classification or shelving scheme | Damaged status | Not for loan | Permanent Location | Current Location | Shelving location | Date acquired | Total Checkouts | Full call number | Barcode | Date last seen | Price effective from | Koha item type |
|---|---|---|---|---|---|---|---|---|---|---|---|---|---|---|
| College of Electrical & Mechanical Engineering (CEME) | College of Electrical & Mechanical Engineering (CEME) | General Stacks | 11/13/2024 | 658.51 LEN'F | CEME- 31831 | 11/13/2024 | 11/13/2024 | Book |
